000 00633nam a2200217 a 4500
001 16895
003 CO-ViMGA
008 141112s2004 ck r 000 u spa d
020 _a842770996X
040 _aCO-ViMGA
_bspa
_cCO-ViMGA
082 0 4 _a371.3 O576m
100 1 _aOntoria, Antonio
_923905
245 1 0 _aMapas conceptuales , una tecnica para aprender
260 _aMadríd (España),
_cNarcea,
_c2001
300 _a207.p.il.
590 _aForma de adquisición : Premio - Mincultura
650 1 4 _aAPRENDIZAJE - METODOLOGIA
_923906
650 1 4 _aMAPAS CONCEPTUALES
_923907
650 1 4 _aMETODOS DE ESTUDIO
942 _2ddc
_cBK
999 _c26529
_d26529